Capitals of Oceania Countries - Statistics

General Stats
  • This quiz has been taken 17 times
  • The average score is 10 of 14
Answer Stats
Hint Answer % Correct
Australia Canberra
100%
New Zealand Wellington
100%
Papua New Guinea Port Moresby
87%
Fiji Suva
80%
Samoa Apia
73%
Solomon Islands Honiara
73%
Vanuatu Port Vila
67%
Naru Yaren
67%
Tuvalu Funafuti
60%
Marshall Islands Majuro
60%
Palau Ngerulmud
60%
Tonga Nuku’alofa
60%
Micronesia Palikir
60%
Kiribati South Tarawa
60%
No matching quizzes found
Score Distribution
Percent of People with Each Score
Percentile by Number Answered
Your Score History
You have not taken this quiz